Video Games by soundtrack - Statistics

General Stats
  • This quiz has been taken 33 times
    30 since last reset
  • The average score is 9 of 11
Answer Stats
Songs Game % Correct
San Andreas Theme / Soviet Connections GTA
95%
Rainbow Road / Coconut Mall Mario Kart
90%
Megalovania / Fallen Down Undertale
90%
Rip and Tear / The Only Thing they Fear is You Doom
81%
Sweden / Subwoofer lullaby Minecraft
81%
Lavender Town / Cynthia's theme Pokemon
81%
Dragonborn / Awake Skyrim
81%
Green Hill Zone / Reach for the Stars Sonic the Hedgehog
81%
Saria's song / Song of Time Legend of Zelda
76%
Encounter / Snake Eater Metal Gear Solid
76%
Mjolnir Mix / Warthog Run Halo
38%
No matching quizzes found
Score Distribution
Percent of People with Each Score
Percentile by Number Answered
Your Score History
You have not taken this quiz since the last reset